[Event "CXU Obro Nytaar 2015"]
[Site "Copenhagen"]
[Date "2015.12.28"]
[Round "3"]
[White "Rhee, Alexander"]
[Black "Hector, Jonny"]
[Result "0-1"]
[WhiteElo "2214"]
[BlackElo "2499"]
[PlyCount "74"]
[EventDate "2015.??.??"]
[EventType "swiss"]
[EventRounds "7"]

1. Nf3 d5 2. g3 Bg4 3. Bg2 Nd7 4. c4 e6 5. b3 Ngf6 6. O-O c6 7. Bb2 Bd6 8. d4
Qb8 9. Nbd2 h6 10. Ne1 O-O 11. Nd3 b5 12. Qe1 Re8 13. e4 bxc4 14. bxc4 Bb4 15.
Nxb4 Qxb4 16. Qc1 Be2 17. Re1 Bd3 18. e5 Nh7 19. Re3 dxc4 20. Bxc6 Rad8 21. Ba3
Qb6 22. Nxc4 Qxc6 23. Rxd3 Ng5 24. Nd6 Nh3+ 25. Kf1 Qh1+ 26. Ke2 Qxh2 27. Rf3
Ng5 28. Qf4 Nb6 29. Qg4 Re7 30. Bc5 Nd5 31. Ne4 Rb7 32. Nxg5 Rb2+ 33. Kd3 hxg5
34. Qe4 Rxf2 35. Rxf2 Qxf2 36. Qe1 Qf3+ 37. Kc4 Ne3+ 0-1

[Event "CXU Obro Nytaar 2015"]
[Site "Copenhagen"]
[Date "2015.12.28"]
[Round "3"]
[White "Haubro, Martin"]
[Black "Pedersen, Jan Nordenbaek"]
[Result "1/2-1/2"]
[WhiteElo "2365"]
[BlackElo "2213"]
[PlyCount "67"]
[EventDate "2015.??.??"]
[EventType "swiss"]
[EventRounds "7"]

1. d4 d5 2. c4 e6 3. Nc3 Nf6 4. cxd5 exd5 5. Bg5 Nbd7 6. e3 c6 7. Bd3 Be7 8.
Nge2 O-O 9. O-O Re8 10. Qc2 Nf8 11. h3 g6 12. Nf4 a6 13. Rab1 b5 14. Nce2 Bb7
15. Ng3 Rc8 16. b4 N6d7 17. Bxe7 Qxe7 18. Qe2 Qg5 19. Qf3 h5 20. Rfe1 Nf6 21.
Nge2 N8d7 22. Nc3 Re7 23. g3 Rce8 24. h4 Qh6 25. Bc2 Qg7 26. Nh3 Nb6 27. Ng5
Nc4 28. Qf4 Ng4 29. Rbd1 Bc8 30. e4 Nb2 31. Rd2 Nc4 32. Rdd1 Nb2 33. Rd2 Nc4
34. Rdd1 1/2-1/2

[Event "CXU Obro Nytaar 2015"]
[Site "Copenhagen"]
[Date "2015.12.28"]
[Round "3"]
[White "Hansen, Soren Bech"]
[Black "Ramsdal, Jens Albert"]
[Result "0-1"]
[WhiteElo "2297"]
[BlackElo "2182"]
[PlyCount "116"]
[EventDate "2015.??.??"]
[EventType "swiss"]
[EventRounds "7"]

1. d4 Nf6 2. Nf3 g6 3. g3 Bg7 4. Bg2 O-O 5. O-O d6 6. Nc3 Nbd7 7. e4 e5 8. h3
Re8 9. dxe5 Nxe5 10. Nxe5 dxe5 11. Qe2 c6 12. Be3 Be6 13. Rfd1 Qa5 14. a3 Rad8
15. Bf1 Bf8 16. Bg5 Rxd1 17. Rxd1 Nd7 18. Qf3 Qb6 19. b4 a5 20. b5 Qc5 21. a4
Qa3 22. Rd3 Qa1 23. Rd1 Qb2 24. Qd3 Bb4 25. Nb1 Nc5 26. Qe2 Nxa4 27. bxc6 bxc6
28. Qa6 Qxc2 29. Rc1 Qxe4 30. Bg2 Nc5 31. Qa7 Qf5 32. Be3 Nb3 33. Rd1 Bd5 34.
Qc7 Qc2 35. Rf1 Bxg2 36. Kxg2 Qe4+ 37. Kh2 Nd4 38. h4 Nf3+ 39. Kh3 Ne1 40. Rg1
Qxb1 41. g4 Qe4 42. Qd7 Rf8 43. h5 Nf3 44. Rg3 Nd4 45. Kh2 Qd5 46. Qb7 Ne2 47.
Rg2 Nf4 48. Rg3 Bc5 49. Qb2 Bxe3 50. fxe3 Ne6 51. h6 Rd8 52. Rg2 Qb5 53. Qa1
Rd3 54. Rb2 Qd5 55. Rb8+ Nd8 56. Qf1 Qd6 57. Ra8 e4+ 58. Kh1 Rd1 0-1

[Event "CXU Obro Nytaar 2015"]
[Site "Copenhagen"]
[Date "2015.12.28"]
[Round "3"]
[White "Vesterli, Michael E"]
[Black "Jorgensen, Brian Jorgen"]
[Result "1/2-1/2"]
[WhiteElo "2075"]
[BlackElo "2270"]
[PlyCount "58"]
[EventDate "2015.??.??"]
[EventType "swiss"]
[EventRounds "7"]

1. d4 e6 2. c4 f5 3. Nc3 Nf6 4. Nf3 Bb4 5. Qb3 c5 6. a3 Bxc3+ 7. bxc3 Nc6 8. e3
O-O 9. Bd3 d6 10. Qc2 g6 11. e4 e5 12. Bg5 Qe8 13. dxc5 dxc5 14. Nd2 f4 15. f3
Nh5 16. Nb3 b6 17. a4 a5 18. Nd2 Rf7 19. Nb1 Be6 20. Na3 Rd7 21. Rb1 h6 22. Bh4
g5 23. Bf2 Rad8 24. Be2 Rb8 25. Rb2 Qf7 26. Qb1 Rdb7 27. Rd2 Rd7 28. Rb2 Rdb7
29. Rd2 Rd7 1/2-1/2

[Event "CXU Obro Nytaar 2015"]
[Site "Copenhagen"]
[Date "2015.12.28"]
[Round "3"]
[White "Nilssen, John Arni"]
[Black "Thogersen, Rasmus"]
[Result "1-0"]
[WhiteElo "2262"]
[BlackElo "2169"]
[PlyCount "79"]
[EventDate "2015.??.??"]
[EventType "swiss"]
[EventRounds "7"]

1. d4 Nf6 2. c4 g6 3. Nc3 Bg7 4. Bg5 O-O 5. e3 d6 6. Be2 Nbd7 7. Qc2 e5 8. Nf3
c6 9. O-O Qc7 10. Bh4 Re8 11. Rfd1 Nf8 12. b4 Ne6 13. d5 Nf8 14. Rac1 a5 15.
dxc6 bxc6 16. b5 Bf5 17. Qd2 Red8 18. bxc6 Qxc6 19. Nd5 Nxd5 20. cxd5 Qd7 21.
Bxd8 Qxd8 22. Rc6 Rb8 23. Rdc1 g5 24. R6c4 g4 25. Ne1 h5 26. Bd3 Bd7 27. Qc2
Qg5 28. Rb1 Rd8 29. Rb7 h4 30. g3 hxg3 31. hxg3 f5 32. Rcc7 Bh6 33. Ng2 Qh5 34.
Rxd7 Rxd7 35. Rxd7 Nxd7 36. Qc8+ Nf8 37. Bxf5 e4 38. Bxe4 Qe5 39. Qxg4+ Bg7 40.
Nh4 1-0

[Event "CXU Obro Nytaar 2015"]
[Site "Copenhagen"]
[Date "2015.12.28"]
[Round "3"]
[White "Petersen, Steen Brustrup"]
[Black "Lauridsen, Jesper Morch"]
[Result "0-1"]
[WhiteElo "2046"]
[BlackElo "2320"]
[PlyCount "63"]
[EventDate "2015.??.??"]
[EventType "swiss"]
[EventRounds "7"]

1. c4 e6 2. g3 d5 3. Bg2 Nf6 4. Nf3 Be7 5. O-O O-O 6. b3 c5 7. e3 Nc6 8. d4
cxd4 9. exd4 Ne4 10. Bb2 a5 11. Nbd2 Nxd2 12. Qxd2 a4 13. c5 b6 14. b4 a3 15.
Bc3 bxc5 16. dxc5 Ba6 17. Rfd1 Bf6 18. Rab1 Rb8 19. Qe3 Bc4 20. Rd2 Re8 21.
Bxf6 Qxf6 22. Qxa3 Rxb4 23. Rc1 Reb8 24. h4 h6 25. Qe3 Rb1 26. Rdc2 Qa1 27. Kh2
Rxc1 28. Rxc1 Qb2 29. Ne1 d4 30. Qf4 e5 31. Rxc4 exf4 32. Bxc6 0-1

[Event "CXU Obro Nytaar 2015"]
[Site "Copenhagen"]
[Date "2015.12.28"]
[Round "3"]
[White "Nielsen, Viktor Haarmark"]
[Black "Thybo, Jesper Sondergaard"]
[Result "1/2-1/2"]
[WhiteElo "2167"]
[BlackElo "2289"]
[PlyCount "102"]
[EventDate "2015.??.??"]
[EventType "swiss"]
[EventRounds "7"]

1. c4 c5 2. Nf3 Nc6 3. d4 cxd4 4. Nxd4 Nf6 5. Nc3 e6 6. Ndb5 Bb4 7. a3 Bxc3+ 8.
Nxc3 d5 9. cxd5 exd5 10. e3 O-O 11. Nb5 Ne4 12. Be2 Qa5+ 13. Bd2 Qb6 14. a4 d4
15. exd4 Nxd4 16. Be3 Qa5+ 17. Nc3 Nxc3 18. Qxd4 Nxe2+ 19. Kxe2 Rd8 20. Qc5
Qa6+ 21. Qb5 Qg6 22. Rhd1 Be6 23. Kf1 Qc2 24. Rdc1 Bc4+ 25. Qxc4 Rd1+ 26. Rxd1
Qxc4+ 27. Kg1 f6 28. h3 Qb4 29. Rd2 Re8 30. a5 f5 31. g3 Rxe3 32. Rd8+ Kf7 33.
fxe3 Qxb2 34. Rad1 Qe2 35. R8d7+ Kg6 36. R1d6+ Kh5 37. Rxg7 Qxe3+ 38. Kh2 Qe2+
39. Kg1 Qe1+ 40. Kh2 Qe2+ 41. Kg1 Qe5 42. Rdd7 h6 43. Rxb7 a6 44. Rbe7 Qxa5 45.
Kf2 Qc3 46. Ref7 Qe5 47. Kg1 Qe1+ 48. Kg2 Qd2+ 49. Kh1 Qd5+ 50. Kh2 Qa2+ 51.
Kh1 Qb1+ 1/2-1/2

[Event "CXU Obro Nytaar 2015"]
[Site "Copenhagen"]
[Date "2015.12.28"]
[Round "3"]
[White "Schou Moldt, Thomas"]
[Black "Porte, Henrik"]
[Result "1/2-1/2"]
[WhiteElo "2230"]
[BlackElo "2215"]
[PlyCount "145"]
[EventDate "2015.??.??"]
[EventType "swiss"]
[EventRounds "7"]

1. Nf3 d5 2. d4 c6 3. c4 Nf6 4. Nc3 dxc4 5. a4 Bf5 6. Ne5 Nbd7 7. Nxc4 Qc7 8.
Qd2 Nb6 9. Ne3 Bg6 10. a5 Nbd7 11. Nc4 e5 12. dxe5 Nxe5 13. Qf4 Nfd7 14. g3 f6
15. Bh3 Nc5 16. Nxe5 fxe5 17. Qe3 Be7 18. Bd2 O-O 19. b4 Na6 20. Na2 Bf7 21.
O-O Bd6 22. Bg2 Qe7 23. Rfb1 Nc7 24. Qg5 Qxg5 25. Bxg5 e4 26. Nc3 Be5 27. Ra3
h6 28. Bf4 Bxf4 29. gxf4 Nd5 30. e3 Nxc3 31. Rxc3 Bd5 32. b5 cxb5 33. Rxb5 Rad8
34. h4 g5 35. fxg5 hxg5 36. h5 Kh7 37. Rxd5 Rxd5 38. Bxe4+ Rff5 39. a6 bxa6 40.
Rc6 Kg7 41. Bxf5 Rxf5 42. h6+ Kh7 43. Rxa6 Rb5 44. Kg2 Rb6 45. Rxa7+ Kxh6 46.
Rf7 Kg6 47. Rf8 Kg7 48. Rf5 Kg6 49. e4 Rb4 50. Kf3 Ra4 51. Rf8 Rb4 52. Ke3 Ra4
53. f3 Ra3+ 54. Kf2 Ra1 55. Rd8 Kf6 56. Rd6+ Kf7 57. Rb6 Kg7 58. Kg2 Kf7 59.
Rb2 Kf6 60. Kg3 Rg1+ 61. Rg2 Rh1 62. Re2 Rg1+ 63. Kf2 Ra1 64. e5+ Ke6 65. Kg3
Rg1+ 66. Kh3 Rh1+ 67. Kg4 Rg1+ 68. Kh5 Rg3 69. Re3 g4 70. Kh4 Rxf3 71. Rxf3
gxf3 72. Kg3 Kxe5 73. Kxf3 1/2-1/2

[Event "CXU Obro Nytaar 2015"]
[Site "Copenhagen"]
[Date "2015.12.28"]
[Round "3"]
[White "Jacobsen, Mikkel Manosri"]
[Black "Kragh, Niels Kristian"]
[Result "1-0"]
[WhiteElo "2203"]
[BlackElo "2105"]
[PlyCount "101"]
[EventDate "2015.??.??"]
[EventType "swiss"]
[EventRounds "7"]

1. d4 d6 2. c4 e5 3. dxe5 dxe5 4. Qxd8+ Kxd8 5. g3 c6 6. Nf3 f6 7. Bg2 Be6 8.
b3 Kc7 9. O-O Nd7 10. Nc3 Nh6 11. Bxh6 gxh6 12. Nh4 Be7 13. Be4 Nc5 14. Bf5 Bf7
15. Rfd1 Ne6 16. e3 Nf8 17. Rd3 Bh5 18. f3 Rd8 19. Rxd8 Kxd8 20. Rd1+ Kc7 21.
Kf2 Bg6 22. Ne4 b6 23. h3 h5 24. Ke2 a5 25. f4 Rg8 26. g4 hxg4 27. hxg4 exf4
28. exf4 Bf7 29. Ng3 b5 30. cxb5 cxb5 31. Kf3 Ne6 32. Bxh7 Rd8 33. Rc1+ Kb6 34.
Nhf5 Ba3 35. Rh1 Nf8 36. Ne4 Nxh7 37. Rxh7 Bd5 38. Rh6 Bb2 39. g5 a4 40. gxf6
Ka5 41. bxa4 bxa4 42. Ne7 Bb7 43. f7 Rf8 44. Rh7 Ba3 45. Ng6 Rd8 46. Ke3 Rd1
47. f8=Q Re1+ 48. Kf2 Bxf8 49. Kxe1 Bb4+ 50. Nd2 Be4 51. Rh5+ 1-0

[Event "CXU Obro Nytaar 2015"]
[Site "Copenhagen"]
[Date "2015.12.28"]
[Round "3"]
[White "Fogh, Jens Olaf Svanholm"]
[Black "Heimisson, Hilmir Freyr"]
[Result "0-1"]
[WhiteElo "2128"]
[BlackElo "1947"]
[PlyCount "108"]
[EventDate "2015.??.??"]
[EventType "swiss"]
[EventRounds "7"]

1. d4 d5 2. Nf3 Nf6 3. e3 e6 4. Bd3 Bd6 5. Nbd2 O-O 6. b3 b6 7. Bb2 c5 8. O-O
Ba6 9. Qe2 Bxd3 10. Qxd3 Nc6 11. a3 cxd4 12. exd4 Rc8 13. Ne5 Ne7 14. Rac1 Qe8
15. c4 Nh5 16. Qf3 f6 17. Nd3 Qg6 18. Rfe1 f5 19. Re2 Qh6 20. g3 g5 21. Rce1
Ng7 22. Ne5 Bxe5 23. Rxe5 g4 24. Qd3 Ng6 25. Rxe6 Nxe6 26. Rxe6 Nf4 27. Qe3
Nh3+ 28. Kg2 Qxe3 29. Rxe3 Rfe8 30. Nf1 Re4 31. Rxe4 fxe4 32. Ne3 h5 33. Nxd5
Rf8 34. Nf4 Nxf4+ 35. gxf4 Rxf4 36. Bc1 Rf3 37. Be3 Kf7 38. b4 Ke6 39. a4 h4
40. a5 bxa5 41. bxa5 a6 42. Bg5 h3+ 43. Kf1 Rc3 44. c5 Kd5 45. Ke2 Ra3 46. Bd8
e3 47. Bh4 Kxd4 48. Bf6+ Ke4 49. fxe3 Ra2+ 50. Kd1 Kd3 51. Ke1 Rxh2 52. Kf1
Kxe3 53. Kg1 Rc2 54. Bh4 Kf3 0-1

[Event "CXU Obro Nytaar 2015"]
[Site "Copenhagen"]
[Date "2015.12.30"]
[Round "6"]
[White "Hector, Jonny"]
[Black "Danielsen, Henrik"]
[Result "1-0"]
[WhiteElo "2499"]
[BlackElo "2502"]
[PlyCount "53"]
[EventDate "2015.??.??"]
[EventType "swiss"]
[EventRounds "7"]

1. e4 c6 2. d4 d5 3. Nd2 dxe4 4. Nxe4 Bf5 5. Ng3 Bg6 6. Nh3 e6 7. Nf4 Bd6 8. h4
Bxf4 9. Bxf4 h6 10. h5 Bh7 11. Be2 Nf6 12. Bf3 O-O 13. c4 b5 14. b3 bxc4 15.
bxc4 Qa5+ 16. Qd2 Qa6 17. Rc1 Nbd7 18. O-O Rac8 19. c5 Bd3 20. Rfe1 Rfe8 21.
Rc3 Bc4 22. Bxh6 gxh6 23. Qxh6 Bd3 24. Ne4 Nd5 25. Rb3 Rb8 26. Nd6 N5f6 27.
Nxe8 1-0

[Event "CXU Obro Nytaar 2015"]
[Site "Copenhagen"]
[Date "2015.12.30"]
[Round "6"]
[White "Thybo, Jesper Sondergaard"]
[Black "Nilssen, John Arni"]
[Result "0-1"]
[WhiteElo "2289"]
[BlackElo "2262"]
[PlyCount "124"]
[EventDate "2015.??.??"]
[EventType "swiss"]
[EventRounds "7"]

1. d4 d5 2. Nf3 e6 3. c4 c6 4. e3 Nf6 5. b3 Nbd7 6. Bb2 Ne4 7. Bd3 Bb4+ 8. Nbd2
f5 9. a3 Bd6 10. Ne5 O-O 11. O-O Bxe5 12. dxe5 Ndc5 13. Bc2 Nxd2 14. Qxd2 dxc4
15. Qxd8 Rxd8 16. bxc4 b6 17. Bd4 Ba6 18. Rfc1 Nb7 19. c5 bxc5 20. Bc3 c4 21.
Bb4 Rac8 22. Bd1 Rd5 23. f4 Nc5 24. Bxc5 Rxc5 25. Be2 Rb8 26. Rc3 Rb2 27. Kf1
Rd5 28. Bf3 Rd3 29. Rac1 Rxc3 30. Rxc3 Rb3 31. Rc1 Rxa3 32. Bxc6 c3+ 33. Ke1
Bd3 34. Rd1 c2 35. Rc1 Kf7 36. Kd2 Ke7 37. h3 h5 38. g3 g6 39. Ba4 Be4 40. Bxc2
Ra2 41. Kc3 Rxc2+ 42. Rxc2 Bxc2 43. Kxc2 Kd7 44. Kc3 Kc6 45. Kd4 Kb5 46. e4 Kc6
47. exf5 gxf5 48. Kc4 a6 49. Kd4 Kb5 50. h4 a5 51. Kc3 a4 52. Kc2 Kb4 53. g4
hxg4 54. h5 g3 55. h6 g2 56. h7 g1=Q 57. h8=Q Qf2+ 58. Kd3 Qf3+ 59. Kc2 Qe2+
60. Kc1 Qc4+ 61. Kd1 Kc3 62. Qh1 Qd3+ 0-1

[Event "CXU Obro Nytaar 2015"]
[Site "Copenhagen"]
[Date "2015.12.30"]
[Round "6"]
[White "Pedersen, Jan Nordenbaek"]
[Black "Hansen, Soren Bech"]
[Result "1-0"]
[WhiteElo "2213"]
[BlackElo "2297"]
[PlyCount "77"]
[EventDate "2015.??.??"]
[EventType "swiss"]
[EventRounds "7"]

1. e4 Nf6 2. e5 Nd5 3. d4 d6 4. c4 Nb6 5. f4 dxe5 6. fxe5 Nc6 7. Be3 Bf5 8. Nc3
e6 9. Nf3 Be7 10. d5 exd5 11. cxd5 Nb4 12. Nd4 Bd7 13. e6 fxe6 14. dxe6 Bc6 15.
Qg4 Bh4+ 16. g3 Bxh1 17. O-O-O O-O 18. gxh4 Qf6 19. Bg5 Qe5 20. e7 Rfe8 21. Nf5
Kh8 22. Qxb4 Qxf5 23. Bd3 c5 24. Bxf5 cxb4 25. Nb5 h6 26. Nc7 Bd5 27. Nxe8 Rxe8
28. Bg6 Rc8+ 29. Kb1 hxg5 30. hxg5 Kg8 31. e8=Q+ Rxe8 32. Bxe8 Kf8 33. Re1 Nc4
34. Bg6 Bc6 35. Rf1+ Ke7 36. Rf7+ Kd8 37. Rxg7 Ne5 38. Bf5 a5 39. h4 1-0

[Event "CXU Obro Nytaar 2015"]
[Site "Copenhagen"]
[Date "2015.12.30"]
[Round "6"]
[White "Lauridsen, Jesper Morch"]
[Black "Heimisson, Hilmir Freyr"]
[Result "1/2-1/2"]
[WhiteElo "2320"]
[BlackElo "1947"]
[PlyCount "64"]
[EventDate "2015.??.??"]
[EventType "swiss"]
[EventRounds "7"]

1. e4 e5 2. f4 d5 3. exd5 Bc5 4. Nf3 e4 5. d4 exf3 6. dxc5 Qh4+ 7. g3 Qh5 8.
Qd4 Nf6 9. Qe5+ Qxe5+ 10. fxe5 Nxd5 11. Nd2 Bf5 12. Nxf3 Bxc2 13. Bc4 Be4 14.
O-O c6 15. e6 O-O 16. Nd4 Na6 17. exf7+ Rxf7 18. Rxf7 Kxf7 19. Bxa6 bxa6 20.
Bd2 Rb8 21. Rf1+ Nf6 22. Bc3 Kg6 23. Ne6 Nd5 24. Nf4+ Nxf4 25. Rxf4 Bf5 26.
Bxg7 Kxg7 27. Rxf5 Rxb2 28. Rf2 Rb1+ 29. Kg2 Rc1 30. Rd2 Rxc5 31. Rd7+ Kg6 32.
g4 Rc3 1/2-1/2

[Event "CXU Obro Nytaar 2015"]
[Site "Copenhagen"]
[Date "2015.12.30"]
[Round "6"]
[White "Nielsen, Viktor Haarmark"]
[Black "Haubro, Martin"]
[Result "0-1"]
[WhiteElo "2167"]
[BlackElo "2365"]
[PlyCount "70"]
[EventDate "2015.??.??"]
[EventType "swiss"]
[EventRounds "7"]

1. e4 e5 2. Nf3 Nc6 3. Bb5 a6 4. Ba4 Nf6 5. O-O Be7 6. d3 b5 7. Bb3 d6 8. a4 b4
9. a5 O-O 10. Nbd2 Rb8 11. Nc4 Bg4 12. Be3 Bh5 13. h3 Qc8 14. Kh2 Rd8 15. Ba4
Nd4 16. Bxd4 exd4 17. Kh1 d5 18. Nce5 dxe4 19. dxe4 Nxe4 20. g4 Bg6 21. Nc6 Bf6
22. Nxb8 Qxb8 23. Qe2 Qa8 24. Kg1 h5 25. Rfe1 hxg4 26. hxg4 Qc8 27. Nh2 Bh4 28.
Rf1 c5 29. Rad1 c4 30. Kg2 Ng5 31. Qe5 Qa8+ 32. f3 Ne6 33. Kg1 Bf6 34. Qg3 d3
35. b3 Bd4+ 0-1

[Event "CXU Obro Nytaar 2015"]
[Site "Copenhagen"]
[Date "2015.12.30"]
[Round "6"]
[White "Jorgensen, Brian Jorgen"]
[Black "Jacobsen, Mikkel Manosri"]
[Result "0-1"]
[WhiteElo "2270"]
[BlackElo "2203"]
[PlyCount "52"]
[EventDate "2015.??.??"]
[EventType "swiss"]
[EventRounds "7"]

1. d4 d5 2. c4 e6 3. Nc3 Nf6 4. cxd5 exd5 5. Bg5 Be7 6. e3 Nbd7 7. Bd3 O-O 8.
Qc2 a6 9. O-O-O h6 10. Bxf6 Nxf6 11. h3 b5 12. Nf3 Be6 13. Kb1 Rc8 14. g4 c5
15. dxc5 Rxc5 16. a3 a5 17. g5 b4 18. gxf6 Bxf6 19. Nd4 bxc3 20. b3 Qd6 21. Ka2
Rb8 22. f4 Be7 23. a4 Rc4 24. Nb5 Rxb5 25. Bxc4 Qa3+ 26. Kb1 Bf5 0-1

[Event "CXU Obro Nytaar 2015"]
[Site "Copenhagen"]
[Date "2015.12.30"]
[Round "6"]
[White "Fogh, Jens Olaf Svanholm"]
[Black "Schou Moldt, Thomas"]
[Result "0-1"]
[WhiteElo "2128"]
[BlackElo "2230"]
[PlyCount "90"]
[EventDate "2015.??.??"]
[EventType "swiss"]
[EventRounds "7"]

1. d4 Nf6 2. Nf3 g6 3. g3 Bg7 4. Bg2 O-O 5. O-O d6 6. c3 c6 7. Nbd2 Qc7 8. Qc2
Re8 9. e4 e5 10. dxe5 dxe5 11. Nb3 b6 12. h3 Bb7 13. Be3 c5 14. Nfd2 Ba6 15.
Rfd1 Nbd7 16. c4 Nb8 17. Nc1 Nc6 18. b3 Rad8 19. a3 Bb7 20. Ne2 Nd4 21. Bxd4
exd4 22. Qd3 Qc6 23. Nf4 Nd7 24. Nd5 g5 25. f4 gxf4 26. gxf4 Qh6 27. Rf1 Kh8
28. Rae1 Bxd5 29. cxd5 Nf6 30. Nc4 Nh5 31. Qf3 Rg8 32. Kh2 b5 33. Na5 d3 34.
Nc6 Bf6 35. Nxd8 Bxd8 36. Qe3 Bh4 37. f5 Qg7 38. Qd2 Qe5+ 39. Kg1 c4 40. Re3
Bg5 41. Rff3 Qd4 42. Kh1 Bxe3 43. Rxe3 Nf4 44. Rg3 Rxg3 45. Qxf4 Rg8 0-1

[Event "CXU Obro Nytaar 2015"]
[Site "Copenhagen"]
[Date "2015.12.30"]
[Round "6"]
[White "Gajic, Mladen"]
[Black "Brondt, Nicolai Kvist"]
[Result "1-0"]
[WhiteElo "2240"]
[BlackElo "2181"]
[PlyCount "95"]
[EventDate "2015.??.??"]
[EventType "swiss"]
[EventRounds "7"]

1. e4 c6 2. d3 d5 3. Qe2 Qc7 4. Nf3 Nd7 5. g3 e5 6. exd5 cxd5 7. Bg2 Bd6 8. O-O
Ne7 9. Nc3 a6 10. Nh4 Nf6 11. Bg5 Be6 12. d4 h6 13. dxe5 Bxe5 14. Bd2 O-O 15.
Nf3 Bd6 16. Nd4 Bd7 17. Qd3 Rad8 18. h3 Nc6 19. Nxc6 bxc6 20. Qxa6 Bf5 21. Rfe1
Ra8 22. Qf1 Qb7 23. b3 Bxc2 24. Qe2 Rfe8 25. Be3 Bg6 26. Qd2 Ne4 27. Nxe4 Bxe4
28. Bxe4 Rxe4 29. Qc2 Rae8 30. Rac1 c5 31. Qd3 d4 32. Bd2 f5 33. f3 Rxe1+ 34.
Rxe1 Rxe1+ 35. Bxe1 Qd5 36. a4 Kf8 37. a5 Qe6 38. Bf2 Bb8 39. b4 cxb4 40. Qxd4
b3 41. Qb4+ Bd6 42. Qb6 Qd5 43. a6 Be5 44. f4 b2 45. a7 Bf6 46. Qc5+ Qxc5 47.
a8=Q+ Kf7 48. Qa2+ 1-0

[Event "CXU Obro Nytaar 2015"]
[Site "Copenhagen"]
[Date "2015.12.30"]
[Round "6"]
[White "Lilja, Richard"]
[Black "Rostgaard, Tobias Valentin"]
[Result "0-1"]
[WhiteElo "2111"]
[BlackElo "2279"]
[PlyCount "72"]
[EventDate "2015.??.??"]
[EventType "swiss"]
[EventRounds "7"]

1. e4 c5 2. Nc3 a6 3. f4 b5 4. Nf3 Bb7 5. d3 e6 6. a4 b4 7. Nb1 d5 8. e5 Nh6 9.
Be3 Nc6 10. Nbd2 f6 11. Nb3 d4 12. Bf2 fxe5 13. fxe5 Qd5 14. Qe2 Ng4 15. Bg3
Be7 16. Nbd2 b3 17. Nxb3 Nb4 18. Bf2 O-O 19. Na5 Nxf2 20. Kxf2 Nxc2 21. Rc1 Ne3
22. Nc4 Rxf3+ 23. gxf3 Rf8 24. Bg2 Bh4+ 25. Kg1 Nxg2 26. Kxg2 Rxf3 27. Qe4 Rxd3
28. Qxd5 Bxd5+ 29. Kf1 Bxh1 30. Nd6 Bf3 31. b4 Rc3 32. Rb1 cxb4 33. a5 Rc2 34.
Kg1 Rg2+ 35. Kf1 Rxh2 36. Rxb4 Rh1# 0-1

[Event "CXU Obro Nytaar 2015"]
[Site "Copenhagen"]
[Date "2015.12.30"]
[Round "6"]
[White "Ramsdal, Jens Albert"]
[Black "Skovgaard, Ib"]
[Result "1-0"]
[WhiteElo "2182"]
[BlackElo "2051"]
[PlyCount "95"]
[EventDate "2015.??.??"]
[EventType "swiss"]
[EventRounds "7"]

1. e4 Nf6 2. e5 Nd5 3. d4 d6 4. Nf3 g6 5. Bc4 dxe5 6. dxe5 Be6 7. O-O Bg7 8.
Qe2 O-O 9. Rd1 c6 10. Bb3 Nd7 11. h3 a5 12. Nc3 Nxc3 13. bxc3 Qc7 14. Bxe6 fxe6
15. Ng5 Qxe5 16. Qxe5 Nxe5 17. Nxe6 Rf6 18. Nxg7 Kxg7 19. Re1 Rf5 20. f4 Nc4
21. Rxe7+ Kf6 22. Re4 b5 23. Kf2 a4 24. Be3 Rd8 25. Bd4+ Kf7 26. Rae1 Rd7 27.
g4 Rfd5 28. Kg3 c5 29. Bf2 h5 30. R1e2 Nd2 31. Re5 Nc4 32. Re6 Nd2 33. Rc6 Nb1
34. Ree6 Nxc3 35. Bxc5 Rxc5 36. Rxc5 Kxe6 37. Rxc3 hxg4 38. hxg4 Rd4 39. Kf3 b4
40. Rc6+ Kd5 41. Rc8 Ke6 42. Re8+ Kf6 43. Re4 Rd1 44. Rxb4 a3 45. Ra4 Rh1 46.
Kg2 Rc1 47. Rxa3 Rxc2+ 48. Kf3 1-0